000 01352nam a2200313 a 4500
003 CO-PeBPR
005 20260426082819.0
008 260415e2024 ck a|||| n||| 00| 0 spa c
020 _a9786289541373
040 0 _aCO-PeBPR
_bspa
_cCO-PeBPR
_erda
041 0 _hspa
082 0 4 _a(i) 839 R588c
100 1 _aRiphagen, Loes
_eautor
245 1 0 _a¡Coco puede!
_c/ Loes Riphagen ; traducción de Diego Plus
250 _aEdición especial
264 1 _aBogotá, Colombia
_b: El Salmón
_c, 2024
300 _a[36] páginas sin enumerar
_b: ilustraciones a color
_c; 23 centímetros
336 _atexto
_btxt
_crdacontenido
337 _asin mediación
_bn
_2rdamedio
338 _avolumen
_bnc
_2rdasoporte
490 _aPlan Nacional de Lectura, Escritura y Oralidad / Ministerio de las Culturas, las Artes y los Saberes
520 _aTodos los pajaritos se preparan y vuelan por primera vez. Pero, ¡Coco no se atreve! ¿Qué pasaría si lo intentara? ¿Se caería? ¿O lo atraparía un gato? O tal vez podría volar muy alto y conocer nuevos amigos. Tomado de la contracubierta del libro..
521 _aRecomendado para 0 a 7 años.
650 1 4 _2LEMB
_aValentía en la literatura
650 1 4 _2LEMB
_aCuentos infantiles holandeses
650 1 4 _2LEMB
_aMotivación en la literatura
700 1 _aPlus, Diego J.
_etraductor
942 _2ddc
_cBKINF
999 _c17790
_d17790